| 000 | 00615nam a22001697a 4500 | ||
|---|---|---|---|
| 003 | NUST | ||
| 038 | _aNusrat Nadeem | ||
| 082 | _a200 | ||
| 100 |
_aAnwar, Seemi Roheela _9125688 |
||
| 245 |
_aExploring the Female Vulnerabilities caused by Climate Induced Male-out Migration: A Case Study on Muzaffargarh, Pakistan/ _cSeemi Roheela Anwar, |
||
| 264 |
_aIslamabad; _bS3H NUST; _c2024. |
||
| 300 |
_a99,p; _bill; _c30,cm. |
||
| 650 |
_aMS-Government and Public Policy _9125323 |
||
| 700 |
_aSupervisor: Dr. Uzair Hashmi _9125689 |
||
| 856 | _u http://10.250.8.41:8080/xmlui/handle/123456789/46364 | ||
| 942 |
_2ddc _cSC |
||
| 999 |
_c611404 _d611404 |
||